00841 2200277 4500001002100000005001500021035002500036008004100061020002200102040001700124082001400141084001600155100001700171245014400188260004300332300004600375650001200421850001200433007000300445090001800448700001700466700002600483990001800509990001800527990001800545INLIS00000000001423820200317015254 a0010-091500000002751150930s2015 jkia b 1 ind c a978-602-249-956-5 aYOPDYOGbind04223a028.5 a028.5 MAR d1 aMarson, Eric10aDongeng asal usul binatang :bmengapa gajah berbelalai panjang? /cEric Marson; penerjemah, Isma Soekoto; penyunting, Kartika Indah Prativi31aJakarta :bBhuana Ilmu Populer.,c2015 a31 halaman :bilustrasi berwarna ;c22 cm 4aDongeng aYOPDYOGta aK 028.5 MAR d0 aIsma Soekoto0 aKartika Indah Prativi a24717-PD/B.15 a24718-PD/B.15 a24719-PD/B.15